Solar mechanical energy, 1876-1978-79-80.

Bibliographic Details
Format: Book
Language:English
Published: Locust Grove, Va. : Synergism, [1981]
Edition:1981 ed.
Series:Patent abstracts.
Subjects:

MARC

Tag First Indicator Second Indicator Subfields
LEADER 00000cam a2200000 a 4500
001 in00000078246
005 20151008060707.0
008 820717s1979 vaua 00000 eng d
010 |a  79066290  
035 |a (OCoLC)08608445 
035 |9 AAJ6355AM 
040 |a TXA  |c TXA  |d UtOrBLW 
043 |a n-us--- 
049 |a TXAM  |c [1195994] 
090 |a TJ810  |b .S69 
245 0 0 |a Solar mechanical energy, 1876-1978-79-80. 
250 |a 1981 ed. 
264 1 |a Locust Grove, Va. :  |b Synergism,  |c [1981] 
264 4 |c ©1981 
300 |a approximately 600 pages :  |b illustrations ;  |c 29 cm. 
336 |a text  |b txt  |2 rdacontent 
337 |a unmediated  |b n  |2 rdamedia 
338 |a volume  |b nc  |2 rdacarrier 
490 1 |a PAT-AB, U.S. patent abscracts 
650 0 |a Solar energy  |x Patents. 
650 0 |a Power (Mechanics)  |x Patents. 
650 0 |a Patents  |z United States. 
830 0 |a Patent abstracts. 
999 |a MARS 
999 f f |s a756182f-88cf-37a1-ae93-909e41580074  |i 8253a33f-c0da-379e-912b-1a0e3ab5760c  |t 0 
952 f f |p ric  |a Texas A&M University  |b Rellis Campus  |c Joint Library Facility  |d Remote Storage  |t 0  |e TJ810 .S69  |h Library of Congress classification  |i unmediated -- volume  |m A14806249829 
998 f f |a TJ810 .S69  |t 0  |l Remote Storage